Riconosci il Pokémon - Quiz n°142 - Statistics

Statistiche generali
  • Questo quiz è stato fatto 1 volte
  • Il punteggio medio è 10 su 10
Statistiche sulle risposte
Indizio Risposta % Corretto
Altezza 2,0 m
100%
Tasso di cattura 255 (43.9%)
100%
Sesso 50% ♂, 50% ♀
100%
Peso 6,9 kg
100%
Pokémon Ekans
100%
Stadio evoluzione Forma Base
100%
Tasso di allevamento Medio-Veloce
100%
Abilità Prepotenza; Muta; Agitazione
100%
Generazione Prima
100%
Tipo Veleno
100%
Nessun quiz corrispondente trovato
Distribuzione punteggi
Percentuale di utenti per punteggio
Percentile per numero di risposta
I tuoi punteggi nel tempo
Non hai fatto questo quiz